000 00532nmm a2200181Ia 4500
008 251105s9999||||xx |||||||||||||||||und||
041 _aspa
100 _aPohl, Frederik
245 0 _aPortico :
_b Los Anales de los Heechee I
264 _a[Madrid, España] :
_bEdiciones B,
_c2015
300 _a326 páginas
650 _aScience fiction & Fantasy
700 _aPohl, Frederik
700 1 _a Giralt Gorina, Pilar
700 1 _a Segur Giralt, Teresa
856 _uhttps://public.digitaliapublishing.com/a/53604
942 _cCF
999 _c70098
_d70098